Prueba de Argentina - Estadísticas

Estadísticas generales
  • Esta prueba ha sido intentada 309 veces
  • La puntuación promedio es 12 de 19
Estadísticas de respuestas
Pista Respuesta % Correcto
Segunda provincia más poblada Córdoba
97%
Cantidad de Provincias (sin contar la Ciudad de Buenos Aires) 23
88%
Denominación de la casa de gobierno del presidente Casa Rosada
88%
Provincia más pequeña Tucumán
88%
Montaña más alta Aconcagua
84%
Segunda provincia más grande Santa Cruz
80%
Provincia menos poblada Tierra del Fuego
77%
Ciudad ubicada más al sur del pais Ushuaia
75%
Moneda anterior a la actual Austral
70%
Actual presidente Fernández
68%
Río más largo Paraná
60%
Ruta más larga 40
57%
Primer presidente Rivadavia
56%
Flor Nacional Ceibo
52%
Jugador que partició en los dos mundiales ganados por la selección mayor de fútbol Passarella
41%
Ciudad ubicada más al norte del país La Quiaca
39%
Jugador que disputó mas partidos en la selección mayor de fútbol Mascherano
36%
Deporte con más medallas olímpicas Boxeo
24%
Edificio más alto Alvear Tower
12%
No se encontraron pruebas coincidentes
Distribución de puntuación
Porcentaje de gente con cada puntuación
Porcentaje por número respondido
Historial de tus puntuaciones
No has intentado esta prueba.